000 00871cas a2200217 i 4500
001 000037058
003 DLC
005 20260211144025.0
008 120209c20109999dr mr1p dd 0 0spa d
040 _aDO-SdBNP
_bspa
_cBNPHU
043 _anwdr
110 _aPrograma de Apoyo a las Iniciativas Locales de la Sociedad Civil
_988999
245 0 0 _aCuadernos de la sociedad civil /
_cPrograma de Apoyo a las Iniciativas Locales de la Sociedad Civil.
264 _aSanto Domingo, República Dominicana :
_bPrograma de Apoyo a las Iniciativas Locales de la Sociedad Civil,
_c2010.
300 _av. :
_bil., retrs. ;
_c22 cm.
310 _aMensual
362 _aNúmero 8. (abril 2010)
500 _aCatalogación basada en el Número 8. (abril 2010).
650 0 _aSociedad civil dominicana
_989001
_vPublicaciones periódicas
_zRepública Dominicana
942 _2ddc
_cISSUE
999 _c36548
_d36548